Statistics for Polish Monarchs

Click here to take the quiz!

General Stats

  • This quiz has been taken 40 times
  • The average score is 13 of 24

Answer Stats

HouseYearsAnswer% Correct
Jagiellonian1506-1548Sigismund I
70%
Jagiellonian1492-1501John I
67%
Vasa1648-1668John II
67%
Jagiellonian1548-1572Sigismund II/Augustus I
67%
Sobieski1674-1696John III
63%
Piast1333-1370Casimir III
60%
Valois1574-1575Henry
60%
Bathory1575-1586Stephen
60%
Anjou1384-1399Jadwiga
57%
Wettin1807-1815Frederick Augustus
53%
Vasa1587-1632Sigismund III
53%
Piast1320-1333Wladyslaw I
53%
Jagiellonian1386-1434Wladyslaw II
53%
Jagiellonian1434-1444Wladyslaw III
53%
Jagiellonian1447-1492Casimir IV
50%
Wisniowecki1669-1673Michael
50%
Leszczynski1706-1709, 1733-1736Stanislaw I
50%
Jagiellonian1575-1586Anna
47%
Anjou1370-1382Louis
47%
Vasa1632-1648Wladyslaw IV
47%
Wettin1697-1706, 1709-1733Augustus II
43%
Poniatowski1764-1795Stanislaw II
43%
Jagiellonian1501-1506Alexander
37%
Wettin1736-1763Augustus III
33%

Score Distribution

Percentile by Number Answered

Percent of People with Each Score

Your Score History

You have not taken this quiz